00537nam a2200169Ia 4500999001700000003000400017005001700021008004100038040000900079082002200088100003700110245008500147260004500232300000900277650003000286942005100316 c35273d35273OSt20201215101241.0190216s9999||||xx |||||||||||||| ||und|| coclc a954.040924bHUT/D aHutheesing, Krishna Nehru 97489 0aDear To Behold An Intimate Portrait Of Indira Gandhi /cKrishna Nehru Hutheesing bIbh Publishing Company, aBombay:c1969. a221p aPortrait Of Indira Gandhi cREF2ddch954.040924iHUT/Dk954.040924mHUT/D